| 000 | 00395 a2200133 4500 | ||
|---|---|---|---|
| 040 |
_aDLC _bDLC |
||
| 082 | _a337.3 | ||
| 245 |
_aPoverty and vulnerability in South Asia _cWorld Bank Group. |
||
| 260 |
_aWashington DC : _b World Bank Publications, _c2002. |
||
| 300 |
_axiv, 70 p. : _bill. ; _c27 cm. |
||
| 500 | _aIncludes Index. | ||
| 650 | _aWorld bank--periodicals. | ||
| 942 |
_cBK _k337.3 WOR _2ddc |
||
| 999 |
_c7254 _d7254 |
||